| 000 | 00412nam a2200157Ia 4500 | ||
|---|---|---|---|
| 005 | 20250423094554.0 | ||
| 008 | 250422s9999 xx 000 0 und d | ||
| 020 | _a9780558521943 | ||
| 050 | _aHG 4515 .B44/ | ||
| 245 | 0 | _aBehavioural finance, individual investors, and institutional investors: level III | |
| 260 | _aNew York | ||
| 260 | _bCFA Institute | ||
| 260 | _c2011 | ||
| 300 | _a487 p | ||
| 942 | _cBK | ||
| 999 |
_c27642 _d27642 |
||